[Event "GER-chT Nord-Ost U20 U20 1112"]
[Site "Germany"]
[Date "2011.11.12"]
[Round "3.1"]
[White "Heinemann, Josefine"]
[Black "Sivakumaran, Ramesh"]
[Result "0-1"]
[WhiteElo "1867"]
[BlackElo "1878"]
[PlyCount "112"]
[EventDate "2011.09.24"]
[EventType "team-tourn"]
[EventRounds "9"]
[EventCountry "GER"]
[SourceTitle "EXT 2015"]
[Source "ChessBase"]
[SourceDate "2014.11.20"]
[SourceVersion "1"]
[SourceVersionDate "2014.11.20"]
[SourceQuality "1"]

1. e4 c5 2. Nf3 d6 3. d4 cxd4 4. Nxd4 Nf6 5. Nc3 a6 6. Be3 e5 7. Nb3 Be6 8. f3 Be7 9. Qd2 Nbd7 10. g4 b5 11. 0-0-0 0-0 12. g5 b4 13. gxf6 bxc3 14. Qxc3 Nxf6 15. Rg1 Kh8 16. Qd2 a5 17. Qg2 Rg8 18. Kb1 a4 19. Nc5 Qc8 20. Nxe6 Qxe6 21. Qh3 d5 22. Bg5 Qb6 23. Be2 Rab8 24. Bc1 Ba3 25. b3 Bxc1 26. Rxc1 Qe3 27. Qf1 axb3 28. cxb3 Rxb3+ 29. axb3 Qxb3+ 30. Ka1 Qa3+ 31. Kb1 Qb3+ 32. Ka1 Ra8+ 33. Ba6 Qa3+ 34. Kb1 Qb3+ 35. Ka1 Qa3+ 36. Kb1 Rb8+ 37. Bb5 Qb3+ 38. Ka1 Rxb5 39. Qxb5 Qxb5 40. exd5 Qa5+ 41. Kb2 Qxd5 42. Rgd1 Qb5+ 43. Ka1 g6 44. Rd8+ Kg7 45. Rcd1 Qa6+ 46. Kb1 Qb7+ 47. Kc2 Qxf3 48. R1d3 Qe2+ 49. Rd2 Qc4+ 50. Kd1 Ne4 51. R2d7 Nc3+ 52. Kc2 Nd5+ 53. Kd2 Qc3+ 54. Ke2 Nf4+ 55. Kd1 e4 56. Rd6 e3 0-1

[Event "Berlin Lichtenberger op 9th"]
[Site "Berlin"]
[Date "2010.08.07"]
[Round "2"]
[White "Schmitt, Jens Ole"]
[Black "Sivakumaran, Ramesh"]
[Result "0-1"]
[WhiteElo "1339"]
[BlackElo "1719"]
[PlyCount "110"]
[EventDate "2010.08.07"]
[EventType "swiss"]
[EventRounds "9"]
[EventCountry "GER"]
[SourceTitle "CBM 137 Extra"]
[Source "ChessBase"]
[SourceDate "2010.09.01"]
[SourceVersion "1"]
[SourceVersionDate "2010.09.01"]
[SourceQuality "1"]

1. e4 c5 2. Nf3 d6 3. d4 cxd4 4. Nxd4 Nf6 5. Nc3 a6 6. Bg5 e6 7. Be2 Nbd7 8. 0-0 Qc7 9. Kh1 b5 10. a3 Bb7 11. Re1 Rc8 12. f4 Nxe4 13. Nxe4 Bxe4 14. Bxb5 Bxg2+ 15. Kxg2 axb5 16. c3 g6 17. Qb3 Qc5 18. Qxb5 Qxb5 19. Nxb5 h6 20. Bh4 g5 21. fxg5 Rc5 22. Nd4 Be7 23. Bg3 Rxg5 24. Kh1 Rhg8 25. Rg1 Nf6 26. Bh4 Rg4 27. Bxf6 Bxf6 28. a4 Kd7 29. a5 Kc7 30. Nb5+ Kc6 31. Rxg4 Rxg4 32. Nd4+ Bxd4 33. cxd4 Rg8 34. b4 Kb5 35. Rg1 Ra8 36. Rb1 Kc4 37. Kg2 Kxd4 38. Kf2 d5 39. Rc1 e5 40. Rc7 Rb8 41. a6 Rxb4 42. Rb7 Ra4 43. a7 Ra2+ 44. Ke1 f5 45. Rb4+ Kc5 46. Rb7 f4 47. Rc7+ Kd4 48. h4 e4 49. Kd1 f3 50. Rc2 Ra1+ 51. Rc1 Rxa7 52. Ke1 e3 53. Rd1+ Ke4 54. h5 f2+ 55. Kf1 Kf3 0-1

[Event "Berlin-ch U18 final"]
[Site "Berlin"]
[Date "2010.02.04"]
[Round "4.3"]
[White "Lagunow, Elina"]
[Black "Sivakumaran, Ramesh"]
[Result "0-1"]
[WhiteElo "1591"]
[BlackElo "1576"]
[PlyCount "104"]
[EventDate "2010.02.01"]
[EventType "swiss"]
[EventRounds "7"]
[EventCountry "GER"]
[SourceTitle "EXT 2022"]
[Source "ChessBase"]
[SourceDate "2021.10.06"]
[SourceVersion "1"]
[SourceVersionDate "2021.10.06"]
[SourceQuality "1"]

1. e4 c5 2. c3 d5 3. exd5 Qxd5 4. d4 Nf6 5. Nf3 Bg4 6. Be2 e6 7. 0-0 Nc6 8. Re1 Be7 9. Be3 cxd4 10. cxd4 0-0 11. Nc3 Qd6 12. Qd2 Nd5 13. Rac1 a6 14. h3 Bh5 15. Ne4 Qb4 16. Nc5 Qxd2 17. Nxd2 Bxe2 18. Rxe2 b6 19. Nd3 Rac8 20. Nf3 Ncb4 21. Nxb4 Rxc1+ 22. Bxc1 Nxb4 23. a3 Rc8 24. Bf4 Nd5 25. Bg3 Kf8 26. Ne5 Ke8 27. Kh2 f6 28. Ng4 Kd7 29. Ne3 Nxe3 30. fxe3 Bd6 31. Rf2 b5 32. Bxd6 Kxd6 33. Kg3 a5 34. Kf3 b4 35. axb4 axb4 36. Rd2 f5 37. Kf4 Kd5 38. Kf3 Rc7 39. Ke2 Ke4 40. Kf2 b3 41. h4 Rc2 42. Ke2 h5 43. g3 g6 44. Rxc2 bxc2 45. Kd2 c1Q+ 46. Kxc1 Kxe3 47. d5 exd5 48. Kc2 d4 49. Kd1 Kd3 50. Ke1 Kc2 51. Ke2 d3+ 52. Ke3 d2 0-1